| Tag |
First Indicator |
Second Indicator |
Subfields |
| LEADER |
00000cam a22000005a 4500 |
| 001 |
in00001497021 |
| 005 |
20151021073526.0 |
| 008 |
980219s1986 caua 000 0 eng d |
| 035 |
|
|
|a (OCoLC)38470245
|
| 035 |
|
|
|9 AJH6032AM
|
| 040 |
|
|
|a QPC
|c QPC
|d UtOrBLW
|
| 049 |
|
|
|a TXAM
|
| 090 |
|
|
|a QD505
|b .C365 1986
|
| 110 |
2 |
|
|a Catalytica Associates.
|
| 245 |
1 |
0 |
|a Recent advances in alkane activation /
|c prepared by CatalyticaAssociates.
|
| 264 |
|
1 |
|a Mountain View, Calif. :
|b The Associates,
|c 1986.
|
| 300 |
|
|
|a 440 pages :
|b illustrations ;
|c 29 cm.
|
| 336 |
|
|
|a text
|b txt
|2 rdacontent
|
| 337 |
|
|
|a unmediated
|b n
|2 rdamedia
|
| 338 |
|
|
|a volume
|b nc
|2 rdacarrier
|
| 500 |
|
|
|a "Catalytica study number 4185AA."
|
| 500 |
|
|
|a "Client private."
|
| 650 |
|
0 |
|a Catalysts.
|
| 650 |
|
0 |
|a Alkanes.
|
| 948 |
|
|
|a c:bc
|
| 999 |
|
|
|a MARS
|
| 999 |
f |
f |
|s f8293c77-c24d-32cf-a7a1-8214f4088ce4
|i 9a5850fa-e906-3fe4-89e3-1d1f2a106369
|t 0
|
| 952 |
f |
f |
|p ric
|a Texas A&M University
|b Rellis Campus
|c Joint Library Facility
|s JLF
|d Remote Storage
|t 0
|e QD505 .C365 1986
|h Library of Congress classification
|i unmediated -- volume
|m A14825020080
|
| 998 |
f |
f |
|a QD505 .C365 1986
|t 0
|l Remote Storage
|